Islam iman dan amal / (Record no. 1335)
[ view plain ]
| 000 -LEADER | |
|---|---|
| fixed length control field | nam a22 a 4500 |
| 003 - CONTROL NUMBER IDENTIFIER | |
| control field | AKMAL |
| 005 - DATE AND TIME OF LATEST TRANSACTION | |
| control field | 20170509102130.0 |
| 008 - FIXED-LENGTH DATA ELEMENTS--GENERAL INFORMATION | |
| fixed length control field | 170509s1996 my 00 may d |
| 020 ## - INTERNATIONAL STANDARD BOOK NUMBER | |
| International Standard Book Number | 9830770362 (kkt.): |
| Terms of availability | RM 14.90 |
| 040 ## - CATALOGING SOURCE | |
| Original cataloging agency | AKMAL |
| 082 04 - DEWEY DECIMAL CLASSIFICATION NUMBER | |
| Classification number | 297.63 MAH |
| 090 ## - LOCALLY ASSIGNED LC-TYPE CALL NUMBER (OCLC); LOCAL CALL NUMBER (RLIN) | |
| Classification number (OCLC) (R) ; Classification number, CALL (RLIN) (NR) | 297.63 |
| Local cutter number (OCLC) ; Book number/undivided call number, CALL (RLIN) | MAH |
| 100 1# - MAIN ENTRY--PERSONAL NAME | |
| Personal name | Ayoub, Mahmoud M. |
| 9 (RLIN) | 2618 |
| 245 10 - TITLE STATEMENT | |
| Title | Islam iman dan amal / |
| Statement of responsibility, etc. | Mahmoud M. Ayoub ; [penterjemah Siti Sujinah Sarnap] |
| 260 ## - PUBLICATION, DISTRIBUTION, ETC. | |
| Place of publication, distribution, etc. | Kuala Lumpur : |
| Name of publisher, distributor, etc. | Perniagaan Jahabersa, |
| Date of publication, distribution, etc. | 1996 |
| 300 ## - PHYSICAL DESCRIPTION | |
| Extent | v, 295ms. ; |
| Dimensions | 21cm |
| 500 ## - GENERAL NOTE | |
| General note | Mengandungi ayat-ayat dari al-Quran |
| 650 ## - SUBJECT ADDED ENTRY--TOPICAL TERM | |
| Topical term or geographic name entry element | Islam |
| General subdivision | Customs and practices |
| 9 (RLIN) | 1330 |
| 650 ## - SUBJECT ADDED ENTRY--TOPICAL TERM | |
| Topical term or geographic name entry element | Faith (Islam) |
| 9 (RLIN) | 1640 |
| 700 0# - ADDED ENTRY--PERSONAL NAME | |
| Personal name | Siti Sujinah Sarnap |
| 9 (RLIN) | 2532 |
| 856 4# - ELECTRONIC LOCATION AND ACCESS | |
| Uniform Resource Identifier | http://www.jahabersa.com.my/tauhid/islam-iman-dan-amal |
| Link text | Kulit Depan & Ringkasan |
| 942 ## - ADDED ENTRY ELEMENTS (KOHA) | |
| Source of classification or shelving scheme | |
| Koha item type | Book |
| Withdrawn status | Lost status | Source of classification or shelving scheme | Damaged status | Not for loan | Collection code | Home library | Current library | Shelving location | Date acquired | Inventory number | Total Checkouts | Full call number | Barcode | Date last seen | Price effective from | Koha item type |
|---|---|---|---|---|---|---|---|---|---|---|---|---|---|---|---|---|
| NON-FICTION | AKMAL Melaka | AKMAL Melaka | PINJAMAN | 09.05.2017 | 00454 | 297.63 MAH | 201702522 | 09.05.2017 | 09.05.2017 | Book |
